Mixed Word: Shades of Green Quiz Stats

 Plays Quiz Updated Jul 9, 2012

     
Support Sporcle.
Go Orange.
Score 0/20 Timer 03:00
0 Plays Today
Mixed Word Shade of Green % Correct
MLIELime
99.1%
ASESea
98.2%
DAJEJade
97.8%
SOSMMoss
97.4%
NIEPPine
97.1%
APERPear
96.9%
AWNLLawn
95.9%
NRFEFern
95.5%
LAPEPale
94.2%
LLKEYKelly
91.1%
Mixed Word Shade of Green % Correct
ONENNeon
90%
PPLAEApple
89.7%
LIEVOOlive
87.2%
YMARArmy
84.7%
LOWLEYGreen-yellow
81.1%
EFROSTForest
74.7%
GLUEJNJungle
65.4%
AREULLLaurel
45.5%
ALREDMEEmerald
43.6%
ICTRECLEElectric
23.7%

From the Vault

Common Themed Answers IV

by LTH

Themes and quizzes: two great tastes that taste great together.
Remove Ads.
Support Sporcle.
Get the best of Sporcle when you Go Orange. This ad-free experience offers more features, more stats, and more fun while also helping to support Sporcle. Thank you for becoming a member.

Show Comments

Extras

Top Quizzes Today


Score Distribution

Your Account Isn't Verified!

In order to create a playlist on Sporcle, you need to verify the email address you used during registration. Go to your Sporcle Settings to finish the process.

Report this User

Report this user for behavior that violates our Community Guidelines.

Details: